| 000 | 00445nam a2200157 4500 | ||
|---|---|---|---|
| 082 | 0 | 0 |
_a671.823 _bSMI _cL-24, P-29 |
| 100 | 1 |
_aSmith, Robert _940324 |
|
| 245 | 1 | 0 | _aSheet metal technology book-1, |
| 250 | _a[1st ed.] | ||
| 260 |
_aLondon: _bCassell & Company Ltd _c[1934] |
||
| 300 |
_aix, 246 p. _billus. _c24 cm. |
||
| 526 |
_a0 _b0 _c0 _d671_823000000000000_SMI |
||
| 650 | 0 |
_aMCE _9379 |
|
| 650 | 0 |
_aSheet-metal work. _944988 |
|
| 942 |
_2ddc _cBK |
||
| 999 |
_c548694 _d548694 |
||